000 00369nam a22001697a 4500
003 UA-OsUOA
001 3857
007 ta
008 20050721b un ||||| |||| 00| 0 ukr d
100 _aNolasco
700 _aRob
942 _cBK
040 _aUA-OsUOA
_cUA-OsUOA
_dUA-OsUOA
245 _aWindow on the World. W/B. 1.
_bEnglish Practice
955 _a2
650 7 _2UDC
999 _c290019
_d290019